Malé šedé buňky : jak to vidí Poirot /

Hlavní autor: Christie, Agatha, 1890-1976
Další autoři: Brawn, David, 1965-, Ohnesorg, Jana, 1976-
Jazyk: Čeština
Vydáno: Praha : Knižní klub, 2015
Vydání: Vydání první
Témata:
Fyzický popis: 158 stran ; 16 cm
Knihy
Uloženo v:
LEADER 02109nam a2200565 i 4500
001 nkc20152724514
003 CZ PrNK
005 20170725093049.0
007 ta
008 150813s2015 xr e 000 1 cze
015 |a cnb002724514 
020 |a 978-80-242-5073-1  |q (vázáno) 
035 |a (OCoLC)939571468 
040 |a BOA001  |b cze  |e rda 
041 1 |a cze  |h eng 
045 |a x-x- 
072 7 |a 821.111-3  |x Anglická próza, anglicky psaná  |2 Konspekt  |9 25 
080 |a 821.111-31  |2 MRF 
080 |a 82-312.4  |2 MRF 
080 |a 82.09-052  |2 MRF 
080 |a (0:82-84)  |2 MRF 
100 1 |a Christie, Agatha,  |d 1890-1976  |7 jn19981000482  |4 aut 
240 1 0 |a Little grey cells.  |l Česky 
245 1 0 |a Malé šedé buňky :  |b jak to vidí Poirot /  |c Agatha Christie ; sestavil David Brawn ; sestavila, předmluvu a doslov přeložila Jana Ohnesorg 
250 |a Vydání první 
264 1 |a Praha :  |b Knižní klub,  |c 2015 
300 |a 158 stran ;  |c 16 cm 
336 |a text  |b txt  |2 rdacontent 
337 |a bez média  |b n  |2 rdamedia 
338 |a svazek  |b nc  |2 rdacarrier 
500 |a Přeloženo z angličtiny různými překladateli 
504 |a Obsahuje bibliografii 
600 1 7 |a Christie, Agatha,  |d 1890-1976  |7 jn19981000482  |2 czenas 
600 1 7 |a Poirot, Hercule  |c (fiktivní postava)  |7 jo2016908869  |2 czenas 
600 1 9 |a Poirot, Hercule  |c (literary character)  |2 eczenas 
648 7 |a 20. století  |7 ch460558  |2 czenas 
650 0 7 |a anglický román  |7 ph114055  |y 20. století  |2 czenas 
650 0 7 |a detektivní román  |7 ph119403  |y 20. století  |2 czenas 
650 0 9 |a English fiction  |y 20th century  |2 eczenas 
650 0 9 |a detective fiction  |y 20th century  |2 eczenas 
655 7 |a citáty  |7 fd131832  |2 czenas 
655 9 |a quotations  |2 eczenas 
700 1 |a Brawn, David,  |d 1965-  |7 xx0009439  |4 com 
700 1 |a Ohnesorg, Jana,  |d 1976-  |7 xx0109208  |4 com  |4 trl 
910 2 |a BOA001  |b 1-1359.118 
928 9 |a Euromedia Group - Knižní klub 
990 |a BK 
995 |a 01 
991 |b 201601  |c NOV 
996 6 |b 2610655312  |c 1-1359.118  |l MZK  |r Sklad / do 1 hodiny  |n 0  |p p.v.  |w 001538407  |u 000010  |a 1  |e BOA001  |j MZK50  |s P